Revista del Instituto de Ciencias Sociales
ISBN:
0020-3807
Descripción Física:
25 volums : il·lustracions, periodicitat semestral ; 24 cm
Otros Autores:
Xifra Heras, Jorge, 1926-1990
Idioma:
Español
MARC
| LEADER | 00000nas a2200000 a 4500 | ||
|---|---|---|---|
| 001 | 13424, 13426, 13427, 13428, 13429, 13430, 13431, 13432, 13433, 13434, 13435, 13436, 13437, 13438, 13439, 13440, 13441, 13442, 13443, 13444, 13445, 13446, 13447, 13448, 13449 | ||
| 003 | AGDB | ||
| 005 | 20260324181045.0 | ||
| 008 | 160829c19639999spcfrxp a spa 000 0 cat d | ||
| 020 | |a 0020-3807 | ||
| 040 | |a agdb | ||
| 245 | |a Revista del Instituto de Ciencias Sociales | ||
| 260 | |a Barcelona : |b Instituto de Ciencias Sociales, |c 1963- | ||
| 300 | |a 25 volums : |b il·lustracions, periodicitat semestral ; |c 24 cm | ||
| 310 | |a Semestral | ||
| 362 | |a No. 1 (1963)- | ||
| 500 | |a Director de la revista: Jorge Xifra Heras | ||
| 500 | |a A la portada: Diputación Provincial de Barcelona. | ||
| 500 | |a Periodicitat semestral | ||
| 500 | |a Notes, referències bibliogràfiques | ||
| 590 | |a Hi ha un duplicat de 1968/1969 (12-13), 1969 (14), 1970 (16), 1972 (19). | ||
| 650 | 0 | |a Ciències socials |v Revistes |9 19015 | |
| 655 | 0 | |9 55823 |a Revistes | |
| 700 | 1 | |9 22480 |a Xifra Heras, Jorge, |d 1926-1990 |e director editorial | |
| 710 | 2 | |a Instituto de Ciencias Sociales (Barcelona, Catalunya) |9 54508 | |
| 710 | 1 | |a Barcelona (Catalunya : Província). |b Diputació |9 52408 | |
| 752 | |a Catalunya |b Barcelona (Província) |c Barcelonès |d Barcelona | ||
| 866 | |a 1963 (1, 2) | ||
| 866 | |a 1964 (3, 4) | ||
| 866 | |a 1965 (5, 6) | ||
| 866 | |a 1966 (7, 8) | ||
| 866 | |a 1967 (9, 10) | ||
| 866 | |a 1968 (11) | ||
| 866 | |a 1968-69 (12, 13) | ||
| 866 | |a 1969 (14) | ||
| 866 | |a 1970 (15, 16) | ||
| 866 | |a 1971 (17, 18) | ||
| 866 | |a 1972 (19, 20) | ||
| 866 | |a 1973 (21, 22) | ||
| 866 | |a 1974 (23, 24) | ||
| 866 | |a 1975 (25, 26) | ||
| 866 | |a 1976 (27, 28) | ||
| 866 | |a 1977 (29) | ||
| 901 | |a Arxiu | ||
| 942 | |n 1 |2 udc |c REV | ||
| 952 | |0 0 |1 0 |4 0 |6 REV451 |7 1 |9 47077 |a Arxiu |b Arxiu |d 2016-12-01 |h Núm. 1 (1963) - Núm. 2 (1963) |o Rev-451 |p 13424 |r 2016-12-01 00:00:00 |w 2016-12-01 |y ARXIU | ||
| 952 | |0 0 |1 0 |4 0 |6 REV452 |7 1 |9 64124 |a Arxiu |b Arxiu |d 2022-11-07 |h Núm. 3 (1964) |l 0 |o Rev-452 |p 13426 |r 2022-11-07 00:00:00 |w 2022-11-07 |y ARXIU | ||
| 952 | |0 0 |1 0 |4 0 |6 REV453 |7 1 |9 64125 |a Arxiu |b Arxiu |d 2022-11-07 |h Núm. 4 (1964) |l 0 |o Rev-453 |p 13427 |r 2022-11-07 00:00:00 |w 2022-11-07 |y ARXIU | ||
| 952 | |0 0 |1 0 |4 0 |6 REV454 |7 1 |9 64126 |a Arxiu |b Arxiu |d 2022-11-07 |h Núm. 5 (1965) |l 0 |o Rev-454 |p 13428 |r 2022-11-07 00:00:00 |w 2022-11-07 |y ARXIU | ||
| 952 | |0 0 |1 0 |4 0 |6 REV455 |7 1 |9 64127 |a Arxiu |b Arxiu |d 2022-11-07 |h Núm. 6 (1965) |l 0 |o Rev-455 |p 13429 |r 2022-11-07 00:00:00 |w 2022-11-07 |y ARXIU | ||
| 952 | |0 0 |1 0 |4 0 |6 REV456 |7 1 |9 64128 |a Arxiu |b Arxiu |d 2022-11-07 |h Núm. 7 (1966) |l 0 |o Rev-456 |p 13430 |r 2022-11-07 00:00:00 |w 2022-11-07 |y ARXIU | ||
| 952 | |0 0 |1 0 |4 0 |6 REV457 |7 1 |9 64129 |a Arxiu |b Arxiu |d 2022-11-07 |h Núm. 8 (1966) |l 0 |o Rev-457 |p 13431 |r 2022-11-07 00:00:00 |w 2022-11-07 |y ARXIU | ||
| 952 | |0 0 |1 0 |4 0 |6 REV458 |7 1 |9 64130 |a Arxiu |b Arxiu |d 2022-11-07 |h Núm. 9 (1967) |l 0 |o Rev-458 |p 13432 |r 2022-11-07 00:00:00 |w 2022-11-07 |y ARXIU | ||
| 952 | |0 0 |1 0 |4 0 |6 REV459 |7 1 |9 64131 |a Arxiu |b Arxiu |d 2022-11-07 |h Núm. 10 (1967) |l 0 |o Rev-459 |p 13433 |r 2022-11-07 00:00:00 |w 2022-11-07 |y ARXIU | ||
| 952 | |0 0 |1 0 |4 0 |6 REV460 |7 1 |9 64132 |a Arxiu |b Arxiu |d 2022-11-07 |h Núm. 11 (1968) |l 0 |o Rev-460 |p 13434 |r 2022-11-07 00:00:00 |w 2022-11-07 |y ARXIU | ||
| 952 | |0 0 |1 0 |4 0 |6 REV461 |7 1 |9 64133 |a Arxiu |b Arxiu |d 2022-11-07 |h Núm. 12-13 (1968-1969) |l 0 |o Rev-461 |p 13435 |r 2022-11-07 00:00:00 |w 2022-11-07 |y ARXIU | ||
| 952 | |0 0 |1 0 |4 0 |6 REV462 |7 1 |9 64134 |a Arxiu |b Arxiu |d 2022-11-07 |h Núm. 14 (1969) |l 0 |o Rev-462 |p 13436 |r 2022-11-07 00:00:00 |w 2022-11-07 |y ARXIU | ||
| 952 | |0 0 |1 0 |4 0 |6 REV463 |7 1 |9 64135 |a Arxiu |b Arxiu |d 2022-11-07 |h Núm. 15 (1970) |l 0 |o Rev-463 |p 13437 |r 2022-11-07 00:00:00 |w 2022-11-07 |y ARXIU | ||
| 952 | |0 0 |1 0 |4 0 |7 1 |9 64136 |a Arxiu |b Arxiu |d 2022-11-07 |h Núm. 16 (1970) |o Rev-464 |p 13438 |r 2022-11-07 00:00:00 |w 2022-11-07 |y ARXIU | ||
| 952 | |0 0 |1 0 |4 0 |6 REV465 |7 1 |9 64137 |a Arxiu |b Arxiu |d 2022-11-07 |h Núm. 17 (1971) |l 0 |o Rev-465 |p 13439 |r 2022-11-07 00:00:00 |w 2022-11-07 |y ARXIU | ||
| 952 | |0 0 |1 0 |4 0 |6 REV466 |7 1 |9 64138 |a Arxiu |b Arxiu |d 2022-11-07 |h Núm. 18 (1971) |l 0 |o Rev-466 |p 13440 |r 2022-11-07 00:00:00 |w 2022-11-07 |y ARXIU | ||
| 952 | |0 0 |1 0 |4 0 |6 REV467 |7 1 |9 64139 |a Arxiu |b Arxiu |d 2022-11-07 |h Núm. 19 (1972) |l 0 |o Rev-467 |p 13441 |r 2022-11-07 00:00:00 |w 2022-11-07 |y ARXIU | ||
| 952 | |0 0 |1 0 |4 0 |6 REV468 |7 1 |9 64140 |a Arxiu |b Arxiu |d 2022-11-07 |h Núm. 20 (1972) |l 0 |o Rev-468 |p 13442 |r 2022-11-07 00:00:00 |w 2022-11-07 |y ARXIU | ||
| 952 | |0 0 |1 0 |4 0 |6 REV469 |7 1 |9 64141 |a Arxiu |b Arxiu |d 2022-11-07 |h Núm. 21 (1973) |l 0 |o Rev-469 |p 13443 |r 2022-11-07 00:00:00 |w 2022-11-07 |y ARXIU | ||
| 952 | |0 0 |1 0 |4 0 |6 REV470 |7 1 |9 64142 |a Arxiu |b Arxiu |d 2022-11-07 |h Núm. 22 (1973) |l 0 |o Rev-470 |p 13444 |r 2022-11-07 00:00:00 |w 2022-11-07 |y ARXIU | ||
| 952 | |0 0 |1 0 |4 0 |6 REV471 |7 1 |9 64143 |a Arxiu |b Arxiu |d 2022-11-07 |h Núm. 23 (1974) |l 0 |o Rev-471 |p 13445 |r 2022-11-07 00:00:00 |w 2022-11-07 |y ARXIU | ||
| 952 | |0 0 |1 0 |4 0 |6 REV472 |7 1 |9 64144 |a Arxiu |b Arxiu |d 2022-11-07 |h Núm. 24 (1974) |l 0 |o Rev-472 |p 13446 |r 2022-11-07 00:00:00 |w 2022-11-07 |y ARXIU | ||
| 952 | |0 0 |1 0 |4 0 |6 REV473 |7 1 |9 64145 |a Arxiu |b Arxiu |d 2022-11-07 |h Núm. 25-26 (1975) |l 0 |o Rev-473 |p 13447 |r 2022-11-07 00:00:00 |w 2022-11-07 |y ARXIU | ||
| 952 | |0 0 |1 0 |4 0 |6 REV474 |7 1 |9 64146 |a Arxiu |b Arxiu |d 2022-11-07 |h Núm. 27-28 (1976) |l 0 |o Rev-474 |p 13448 |r 2022-11-07 00:00:00 |w 2022-11-07 |y ARXIU | ||
| 952 | |0 0 |1 0 |4 0 |6 REV475 |7 1 |9 64147 |a Arxiu |b Arxiu |d 2022-11-07 |h Núm. 29 (1977) |l 0 |o Rev-475 |p 13449 |r 2022-11-07 00:00:00 |w 2022-11-07 |y ARXIU | ||
| 999 | |c 50871 |d 50871 | ||